Major & Minor Teams That Start With C - Statistics

General Stats
  • This quiz has been taken 21 times
  • The average score is 22 of 78
Answer Stats
Answer % Correct
Cleveland Cavaliers
93%
Chicago Cubs
71%
Cincinnati Bengals
64%
Calgary Flames
57%
Carolina Panthers
57%
Central Arkansas Bears
57%
Charlotte Hornets
57%
Chicago Bears
57%
Chicago Blackhawks
57%
Chicago Bulls
57%
Cincinnati Reds
57%
Cleveland Browns
57%
Cleveland Guardians
57%
Columbus Blue Jackets
57%
Carolina Hurricanes
50%
Chicago White Sox
50%
Cleveland Charge
50%
Colorado Avalanche
50%
Colorado Rockies
50%
California Golden Bears
43%
Cape Breton Eagles
43%
Charleston Cougars
43%
Chicago State Cougars
43%
Cincinnati Bearcats
43%
Colorado Eagles
43%
Coppin State Eagles
43%
Charlotte 49ers
36%
Charlotte Knights
36%
Colorado Buffaloes
36%
Colorado State Rams
36%
Columbia Lions
36%
Cal Poly Mustangs
29%
Cal State Fullerton Titans
29%
Central Michigan Chippewas
29%
Clemson Tigers
29%
Cleveland State Vikings
29%
Cornell Big Red
29%
Cal State Bakersfield Roadrunners
21%
Cal State Northridge Matadors
21%
Charleston Southern Buccaneers
21%
Charlotte FC
21%
Chelsea
21%
Chicago Sky
21%
Colgate Raiders
21%
Crystal Palace
21%
Calgary Stampeders
14%
California Baptist Lancers
14%
Capital City Go-Go
14%
Central Connecticut Blue Devils
14%
CF Montreal
14%
Charlottetown Islanders
14%
Chicago Fire FC
14%
Cincinnati Cyclones
14%
Coastal Carolina Chanticleers
14%
College Park Skyhawks
14%
Colorado Rapids
14%
Columbus Clippers
14%
Columbus Crew SC
14%
Connecticut Sun
14%
Calgary Hitmen
7%
Calgary Wranglers
7%
Campbell Fighting Camels
7%
Canisius Golden Griffins
7%
Capitanes de Ciudad de México
7%
Carolina Mudcats
7%
Charleston RiverDogs
7%
Charlotte Checkers
7%
Chattanooga Lookouts
7%
Chattanooga Mocs
7%
Chicago Wolves
7%
Chicoutimi Sagueneens
7%
Cleveland Monsters
7%
Coachella Valley Firebirds
7%
Columbia Fireflies
7%
Corpus Christi Hooks
7%
Cedar Rapids Kernels
0%
Clearwater Threshers
0%
Creighton Bluejays
0%
No matching quizzes found
Score Distribution
Percent of People with Each Score
Percentile by Number Answered
Your Score History
You have not taken this quiz